000 00576nam a2200193Ia 4500
005 20250326144802.0
008 250326s9999 xx 000 0 und d
020 _a81-7446-310-0
037 _aTextbook
040 _aFMSL
_beng
_cFMSL
041 _aeng
_2eng
084 _aXobT P2
_qFMSL
100 _aDhar Upinder
_9750103
245 0 _aCase method in management education:Text and illustrations
_cDhar Upinder; Dhar Santosh
260 _aNew Delhi
_bNew Delhi, Excel Books
_c2002
300 _axii,351
942 _cTB
_hXobT P2
999 _c1305044
_d1305044